000 00834nam a2200217Ii 4500
003 JO-AjNU
008 230605s9999||||xx |||||||||||||| ||und||
017 _a1985/7/268
040 _aJO-AjNU
_bara
_erda
_cJO-AjNU
041 _aara
050 1 4 _aKMM53.2.D59.1985
100 3 _a ديات، الفريد,
_eauthor
_946838
245 0 0 _aالوجيز في احكام الزواج والاسرة للطوائف المسيحية في الاردن
250 _aط1
264 3 1 _aعمان ، الفريد ديات ، 1985
300 _a201ص
_bيشتمل على ملاحق ص ( 179 - 184 ) ويشتمل على مراجع ص ( 185 - 186 )
336 _atext
_btxt
_2rdacontent
337 _aunmediated
_bn
_2rdamedia
338 _avolume
_bnc
_2rdacarrier
650 4 _aاحوال شخصية -- المسيحية -- الاردن
_946839
999 _aA20405
_c23973
_d23973